LEADER 01028nam 2200301zu 450 001 996691897103316 005 20251215110027.0 010 $a9783839448052 035 $a(CKB)41827012000041 035 $a(MiAaPQ)EBC32387856 035 $a(EXLCZ)9941827012000041 100 $a20251031|2025uuuu || | 101 0 $aeng 135 $aur||||||||||| 200 10$aLiteratur und Polis: Zur Kritik des modernen Subjekts bei María Zambrano und Javier Gomá 210 $cTranscript Verlag$d2025 311 08$a9783837679977 606 $aLITERARY CRITICISM / General$2bisacsh 606 $aPHILOSOPHY / Ethics & Moral Philosophy$2bisacsh 606 $aPHILOSOPHY / Social$2bisacsh 615 7$aLITERARY CRITICISM / General 615 7$aPHILOSOPHY / Ethics & Moral Philosophy 615 7$aPHILOSOPHY / Social 700 $aJustus Meier$0968767 906 $aBOOK 912 $a996691897103316 996 $aLiteratur und Polis: Zur Kritik des modernen Subjekts bei María Zambrano und Javier Gomá$94463953 997 $aUNISA